Statistics for NBA Teams that Have Never Won a Title

Click here to take the quiz!

General Stats

  • This quiz has been taken 6,092 times
    (6,035 since last reset)
  • The average score is 7 of 11

Answer Stats

Losses Team % Correct
1997, 1998Utah Jazz
83%
2002, 2003Brooklyn Nets
73%
noneLos Angeles Clippers
72%
1995, 2009Orlando Magic
72%
1976, 1993Phoenix Suns
69%
noneCharlotte Hornets
68%
noneNew Orleans Pelicans
65%
noneMinnesota Timberwolves
60%
noneMemphis Grizzlies
59%
noneDenver Nuggets
54%
2000Indiana Pacers
54%

Score Distribution

Percentile by Number Answered

Percent of People with Each Score

Your Score History

You have not taken this quiz since the last reset